| 000 | 00536nam a22001817a 4500 | ||
|---|---|---|---|
| 005 | 20251215141442.0 | ||
| 008 | 251215b |||||||| |||| 00| 0 eng d | ||
| 040 | _aMAIN | ||
| 082 |
_a621 _bA57D |
||
| 100 | _aAmit Kumar | ||
| 245 | _aDevelopment of aluminium matrix composite using friction stir processing for its surface modification | ||
| 260 |
_bDepartment of UIET, M D University, Rohtak _c2024 |
||
| 300 | _a143 | ||
| 650 | _aMechanical Engineering | ||
| 650 | _aMatrix Composite | ||
| 700 | _aVineet Kumar | ||
| 942 | _cTH | ||
| 999 |
_c395471 _d395471 |
||